<?xml version="1.0" encoding="UTF-8"?>
<record
    xmlns:xsi="http://www.w3.org/2001/XMLSchema-instance"
    xsi:schemaLocation="http://www.loc.gov/MARC21/slim http://www.loc.gov/standards/marcxml/schema/MARC21slim.xsd"
    xmlns="http://www.loc.gov/MARC21/slim">

  <leader>01927cam0a2200457   4500</leader>
  <controlfield tag="001">13917</controlfield>
  <controlfield tag="003">http://www.sudoc.fr/084192747</controlfield>
  <controlfield tag="005">20250904151913.0</controlfield>
  <datafield tag="010" ind1=" " ind2=" ">
    <subfield code="a">2742752722</subfield>
    <subfield code="d">8 EUR</subfield>
  </datafield>
  <datafield tag="021" ind1=" " ind2=" ">
    <subfield code="a">FR</subfield>
    <subfield code="b">DLE-20041215-58683</subfield>
  </datafield>
  <datafield tag="033" ind1=" " ind2=" ">
    <subfield code="a">http://catalogue.bnf.fr/ark:/12148/cb39293658h</subfield>
  </datafield>
  <datafield tag="035" ind1=" " ind2=" ">
    <subfield code="a">(OCoLC)419796140</subfield>
  </datafield>
  <datafield tag="035" ind1=" " ind2=" ">
    <subfield code="a">FRBNF392936580000004</subfield>
    <subfield code="z">FRBNF39293658</subfield>
  </datafield>
  <datafield tag="035" ind1=" " ind2=" ">
    <subfield code="a">776255</subfield>
  </datafield>
  <datafield tag="090" ind1=" " ind2=" ">
    <subfield code="a">13917</subfield>
  </datafield>
  <datafield tag="099" ind1=" " ind2=" ">
    <subfield code="o">0</subfield>
  </datafield>
  <datafield tag="100" ind1=" " ind2=" ">
    <subfield code="a">20041215d2004    m  y0frey50      ba</subfield>
  </datafield>
  <datafield tag="101" ind1="0" ind2=" ">
    <subfield code="a">fre</subfield>
  </datafield>
  <datafield tag="102" ind1=" " ind2=" ">
    <subfield code="a">FR</subfield>
  </datafield>
  <datafield tag="105" ind1=" " ind2=" ">
    <subfield code="a">y   ||||000by</subfield>
  </datafield>
  <datafield tag="181" ind1=" " ind2=" ">
    <subfield code="6">z01</subfield>
    <subfield code="c">txt</subfield>
    <subfield code="2">rdacontent</subfield>
  </datafield>
  <datafield tag="181" ind1=" " ind2="1">
    <subfield code="6">z01</subfield>
    <subfield code="a">i#</subfield>
    <subfield code="b">xxxe##</subfield>
  </datafield>
  <datafield tag="182" ind1=" " ind2=" ">
    <subfield code="6">z01</subfield>
    <subfield code="c">n</subfield>
    <subfield code="2">rdamedia</subfield>
  </datafield>
  <datafield tag="182" ind1=" " ind2="1">
    <subfield code="6">z01</subfield>
    <subfield code="a">n</subfield>
  </datafield>
  <datafield tag="200" ind1="1" ind2=" ">
    <subfield code="a">Andr&#xE9;a et les quatre religions</subfield>
    <subfield code="b">LIVR</subfield>
  </datafield>
  <datafield tag="210" ind1=" " ind2=" ">
    <subfield code="a">Arles</subfield>
    <subfield code="c">Actes Sud-Papiers</subfield>
    <subfield code="d">2004</subfield>
    <subfield code="e">42-Saint-&#xC9;tienne</subfield>
    <subfield code="g">Impr. Dumas-Titoulet</subfield>
  </datafield>
  <datafield tag="215" ind1=" " ind2=" ">
    <subfield code="a">1 vol. (42 p.)</subfield>
  </datafield>
  <datafield tag="215" ind1=" " ind2=" ">
    <subfield code="c">couv. ill. en coul.</subfield>
    <subfield code="d">21 cm</subfield>
  </datafield>
  <datafield tag="225" ind1="2" ind2=" ">
    <subfield code="a">Actes Sud-Papiers</subfield>
  </datafield>
  <datafield tag="225" ind1="2" ind2=" ">
    <subfield code="x">0298-0592</subfield>
  </datafield>
  <datafield tag="330" ind1=" " ind2=" ">
    <subfield code="a">Les quatre membres d'une famille : le p&#xE8;re, la m&#xE8;re, le fils, la fille. Adultes, ils vivent chacun s&#xE9;par&#xE9;ment mais se rendent visite, concluent des alliances momentan&#xE9;es, se confessent, s'affrontent, se souviennent, prennent le public &#xE0; t&#xE9;moin. Jusqu'au jour o&#xF9; un repas commun dans une ville de thermes, en terrain neutre, les confronte &#xE0; une serveuse, Andr&#xE9;a, r&#xE9;v&#xE9;lateur de leurs fantasmes de libert&#xE9; et figure embl&#xE9;matique de leurs manques avant de devenir leur victime... accidentelle ?</subfield>
  </datafield>
  <datafield tag="345" ind1=" " ind2=" ">
    <subfield code="b">9782742752720</subfield>
  </datafield>
  <datafield tag="410" ind1=" " ind2=" ">
    <subfield code="0">001021583</subfield>
  </datafield>
  <datafield tag="410" ind1=" " ind2=" ">
    <subfield code="t">Th&#xE9;&#xE2;tre (Paris. 1985)</subfield>
    <subfield code="x">0298-0592</subfield>
  </datafield>
  <datafield tag="608" ind1=" " ind2=" ">
    <subfield code="3">027814157</subfield>
    <subfield code="a">Th&#xE9;&#xE2;tre (genre litt&#xE9;raire) fran&#xE7;ais</subfield>
    <subfield code="3">050665391</subfield>
    <subfield code="z">2000-....</subfield>
    <subfield code="2">rameau</subfield>
  </datafield>
  <datafield tag="676" ind1=" " ind2=" ">
    <subfield code="a">842.914 oeuvre</subfield>
    <subfield code="v">21</subfield>
  </datafield>
  <datafield tag="686" ind1=" " ind2=" ">
    <subfield code="a">802</subfield>
    <subfield code="2">Cadre de classement de la Bibliographie nationale fran&#xE7;aise</subfield>
  </datafield>
  <datafield tag="700" ind1=" " ind2="1">
    <subfield code="a">Nordmann</subfield>
    <subfield code="b">Jean-Gabriel</subfield>
  </datafield>
  <datafield tag="700" ind1=" " ind2="1">
    <subfield code="3">029113148</subfield>
    <subfield code="4">070</subfield>
  </datafield>
  <datafield tag="801" ind1=" " ind2="3">
    <subfield code="a">FR</subfield>
    <subfield code="b">Abes</subfield>
    <subfield code="c">20230116</subfield>
    <subfield code="g">AFNOR</subfield>
  </datafield>
  <datafield tag="801" ind1=" " ind2="0">
    <subfield code="a">FR</subfield>
    <subfield code="b">BNF</subfield>
    <subfield code="c">20041215</subfield>
    <subfield code="g">AFNOR</subfield>
  </datafield>
  <datafield tag="995" ind1=" " ind2=" ">
    <subfield code="2">0</subfield>
    <subfield code="5">2025-09-04</subfield>
    <subfield code="9">13808</subfield>
    <subfield code="c">JOL</subfield>
    <subfield code="f">JOL-007616</subfield>
    <subfield code="k">TH NOR 5</subfield>
    <subfield code="o">0</subfield>
    <subfield code="b">JOL</subfield>
    <subfield code="r">LIVR</subfield>
  </datafield>
</record>
